7. Rocking the Boat - Ice Nine Kills (Lyrics) - Statistics

General Stats
  • This quiz has been taken 5 times
  • The average score is 213 of 440
Answer Stats
Answer % Correct
a
75%
a
75%
A
75%
a
75%
a
75%
a
75%
a
75%
a
75%
a
75%
a
75%
a
75%
a
75%
a
75%
a
75%
a
75%
an
75%
and
75%
And
75%
SHARK!
75%
the
75%
the
75%
The
75%
the
75%
the
75%
the
75%
the
75%
the
75%
the
75%
the
75%
the
75%
the
75%
the
75%
the
75%
the
75%
the
75%
the
75%
the
75%
the
75%
the
75%
the
75%
the
75%
the
75%
the
75%
the
75%
the
75%
the
75%
the
75%
the
75%
the
75%
the
75%
the
75%
a
50%
about
50%
afloat
50%
all
50%
all
50%
all
50%
all
50%
all
50%
all
50%
all
50%
all
50%
amends
50%
Amity
50%
And
50%
appears
50%
around
50%
around
50%
at
50%
bait
50%
bait
50%
bait!
50%
bait
50%
be
50%
become
50%
become
50%
become
50%
b***h
50%
bigger
50%
blood
50%
blood
50%
blood
50%
boat
50%
boat
50%
book
50%
bottom
50%
breath,
50%
But
50%
but
50%
but
50%
by
50%
by
50%
by
50%
call,
50%
calm
50%
can't
50%
can't
50%
cast
50%
'Cause
50%
'Cause
50%
chance
50%
Coast
50%
compare
50%
contain
50%
contain
50%
deeper,
50%
distress
50%
do
50%
due
50%
each
50%
east
50%
ETA
50%
every
50%
every
50%
feeding
50%
feeding
50%
fifteen
50%
fifteen
50%
f***ing
50%
fish
50%
fish
50%
flashing
50%
flees
50%
floating
50%
floating
50%
floating
50%
for
50%
found
50%
found
50%
Four
50%
from
50%
from
50%
from
50%
fry
50%
fry
50%
got
50%
got
50%
grave
50%
grave
50%
grave
50%
great
50%
Guard,
50%
half
50%
head
50%
here
50%
his
50%
hit
50%
hook
50%
hook
50%
if
50%
If
50%
in
50%
in
50%
in
50%
in
50%
In
50%
in
50%
instead
50%
instead
50%
instead
50%
is
50%
is
50%
is
50%
is
50%
is
50%
Island.
50%
It's
50%
It's
50%
I've
50%
I've
50%
just
50%
just
50%
just
50%
just
50%
know
50%
know
50%
last
50%
Last
50%
leak
50%
leak
50%
learned
50%
learned
50%
learned
50%
life
50%
light
50%
line
50%
line
50%
lurking
50%
make
50%
masses
50%
masses
50%
masses
50%
me?
50%
miles
50%
minutes,
50%
minutes
50%
monster
50%
need
50%
need
50%
night
50%
now.
50%
of
50%
of
50%
of
50%
of
50%
of
50%
of
50%
of
50%
of
50%
of
50%
of
50%
official
50%
on
50%
on
50%
orca,
50%
orca
50%
other
50%
our
50%
out
50%
out
50%
out
50%
out
50%
out
50%
over.
50%
over!
50%
over.
50%
past
50%
past
50%
past
50%
place
50%
place
50%
predator
50%
predator
50%
predator
50%
prey
50%
prey
50%
prey
50%
rather
50%
rather
50%
rather
50%
read
50%
real
50%
Reel
50%
safe
50%
save
50%
save
50%
save
50%
scars
50%
sell
50%
sell
50%
sell
50%
set
50%
set
50%
shadow
50%
shallow
50%
shallow
50%
shallow
50%
shark
50%
sign
50%
smile,
50%
so
50%
So
50%
so
50%
So
50%
so
50%
So
50%
So
50%
So
50%
so
50%
son
50%
soon
50%
soon
50%
soon
50%
starving
50%
starving
50%
starving
50%
stay
50%
sublime
50%
surface
50%
swim
50%
taken
50%
taken
50%
taken
50%
teeth
50%
telltale
50%
that
50%
that
50%
that
50%
That
50%
that
50%
That
50%
that
50%
That
50%
That's
50%
That's
50%
The
50%
the
50%
the
50%
the
50%
the
50%
there
50%
there's
50%
They
50%
they
50%
They
50%
They'd
50%
They'd
50%
They'd
50%
They're
50%
They're
50%
this
50%
This
50%
this
50%
thrashing
50%
thrashing
50%
time
50%
time
50%
to
50%
to
50%
to
50%
to
50%
to
50%
to
50%
to
50%
took
50%
towards
50%
town
50%
trick
50%
try
50%
underneath
50%
Until
50%
valor
50%
very
50%
voyage
50%
We
50%
We
50%
we
50%
we
50%
weak
50%
weak
50%
We'll
50%
we'll
50%
We're
50%
We're
50%
We're
50%
We're
50%
We're
50%
We're
50%
we've
50%
we've
50%
we've
50%
Where
50%
white,
50%
will
50%
will
50%
will
50%
with
50%
with
50%
would've
50%
would've
50%
yeah!
50%
you
50%
you
50%
you
50%
you
50%
you'll
50%
again,
25%
among
25%
any
25%
attack.
25%
be
25%
be
25%
been
25%
Buoyed
25%
Buoyed
25%
Buoyed
25%
burning
25%
But
25%
caught
25%
Coast
25%
could
25%
death
25%
dive
25%
doubt
25%
down
25%
embers
25%
flush
25%
for
25%
forever
25%
Guard
25%
him
25%
is
25%
It's
25%
like
25%
little
25%
now
25%
of
25%
out
25%
put
25%
remembered
25%
rich
25%
rich
25%
river
25%
Roger
25%
sharks
25%
Should
25%
sign
25%
Sinking
25%
Sold
25%
stay
25%
tale
25%
that,
25%
That
25%
them
25%
think
25%
think
25%
think
25%
this
25%
this
25%
under
25%
us
25%
us
25%
we
25%
we
25%
we
25%
We'll
25%
will
25%
will
25%
With
25%
with
25%
would've
25%
You
25%
You
25%
you
25%
You
25%
you've
25%
deck
0%
on
0%
tide
0%
us
0%
No matching quizzes found
Score Distribution
Percent of People with Each Score
Percentile by Number Answered
Your Score History
You have not taken this quiz